000 00889nam a2200265Ia 4500
003 OSt
005 20221005111401.0
006 a|||||r|||| 00| 0
007 ta
008 221004b |||||||| |||| 00| 0 hin d
020 _a8170552044 (hbk)
_c95
024 _a11227
037 _b325, 20/03/2014, Vani Prakashan
_cTextual
040 _aCRL
_cCRL
_bhin
041 _2hin
_ahin
082 _aO152,3NNA,VK, L1;P7
100 _aनागार्जुन
245 0 _aवरूण के बेटे
246 _aVarūṇ ke beṭe
260 _aनई दिल्ली
_bवाणी प्रकाशन भारत
_c2007
300 _a120पृ0
_ccm.
650 _aहिन्दी साहित्य
942 _hO152,3NNA,VK, L1;P7
_cTEXL
_2cc
999 _c1021677
_d1021677